01163nam a2200193Ia 4500001001000000003001000010008004100020040002500061041001300086100001200099245004800111250001100159260009200170300002700262500026200289501011400551520026200665650004200927L180-1627IT-CnALBA170116s9999||||xx |||||||||||||| ||und|| aIT-CnALBAcIT-CnALBA aITALIANO aPLATONE 0aIL FEDONE O DELL'IMMORTALITÀ DELL'ANIMA.  a6a ed. a BRESCIAbLA SCUOLA, SOCIETÀ EDITRICE c1942 [1° Ed.:1942 - Ed.Ling.Originale: 1942] a218 p. (prefazione: 9) aTRADUZIONE E NOTE DI ROTTA PAOLO. INTRODUZIONE DI ACRI FRANCESCO. DIALOGO DRAMMATICO. DIALOGO RACCONTATO. IMMORTALITÀ DELL'ANIMA. IL FANCIULLINO DI CEBETE. DUBBI DI SIMMA E CEBETE. REPLICA. I CAPELLI DI FEDONE. TEORIA DELLE IDEE. MITO DELLE ANIME DOPO LA  aSocietà San Paolo EM - Piazza San Paolo, 14 - 12051 ALBA (CN) (non commercial uses only) ® Copyright 2017 aTRADUZIONE E NOTE DI ROTTA PAOLO. INTRODUZIONE DI ACRI FRANCESCO. DIALOGO DRAMMATICO. DIALOGO RACCONTATO. IMMORTALITÀ DELL'ANIMA. IL FANCIULLINO DI CEBETE. DUBBI DI SIMMA E CEBETE. REPLICA. I CAPELLI DI FEDONE. TEORIA DELLE IDEE. MITO DELLE ANIME DOPO LA  aFILOSOFIA ANTICA MEDIOEVALE ORIENTALE